000 00540nam a2200145 a 4500
001 000034181
005 20200930070838.0
008 110926s2006 br 000 0 spa d
040 _aDO-SdBNP
_bspa
_cBNPHU
100 1 _aNales Pérez, Nereida
_959606
245 1 0 _aJesús, el maestro :
_bsu plan educativo transformador, para ejercer una educación cristiana que ayude al discípulo a transformar su vida /
_cNereida Nales Pérez.
260 _aRío Piedra :
_bFundación Palabra y Más,
_c2006.
300 _a144 p. ;
_c23 cm.
049 _aBNPD
999 _c33672
_d33672